Zahubí pojišťovny zastaralost IT?
Zvyšovanie ziskovosti poisťovní prostredníctvom nákladovej efektivity, na čom sa podieľajú informačné technológie a moderné postupy. Správa portfólia a jeho oceňovanie Audity a reporty v poisťovniach. Hlavné trendy.
Salvato in:
| Autore principale: | |
|---|---|
| Natura: | Capitolo di libro |
| Lingua: | ceco |
| Soggetti: | |
| Tags: |
Nessun Tag, puoi essere il primo ad aggiungerne!!
|
MARC
| LEADER | 00000naa$a2200000$$$4500 | ||
|---|---|---|---|
| 001 | 0088680 | ||
| 005 | 20231010095406.5 | ||
| 041 | 0 | |a cze | |
| 044 | |a CZ | ||
| 245 | 1 | 0 | |a Zahubí pojišťovny zastaralost IT? |c Lukáš Danihelka |
| 520 | |a Zvyšovanie ziskovosti poisťovní prostredníctvom nákladovej efektivity, na čom sa podieľajú informačné technológie a moderné postupy. Správa portfólia a jeho oceňovanie Audity a reporty v poisťovniach. Hlavné trendy. | ||
| 610 | 2 | 0 | |a poisťovníctvo |
| 610 | 2 | 0 | |a technológie informačné |
| 610 | 2 | 0 | |a oceňovanie |
| 610 | 2 | 0 | |a portfólio |
| 610 | 2 | 0 | |a reporting |
| 100 | 1 | |a Danihelka, Lukáš | |